000 00742nam a2200181Ia 4500
008 151202s9999||||xx |||||||||||||| ||und||
082 _bPNVM-45493
100 _aपाटणकर पांडुरंग.
245 _aसाद चाकोरीबाहेरील किल्यांची.
260 _b"स्नेहल प्रकाशन,पुणे."
260 _c2004
300 _a310
600 _aपाटणकर पांडुरंग.
630 _aसाद चाकोरीबाहेरील किल्यांची.
700 _aपाटणकर पांडुरंग.
730 _aसाद चाकोरीबाहेरील किल्यांची.
942 _cBOOK
999 _c1311444
_d1311441